Countries by Closest Shape - Statistics

General Stats
  • This quiz has been taken 25 times
  • The average score is 5 of 12
Answer Stats
Picture Answer % Correct
Somalia
95%
Chile
90%
Japan
80%
Egypt
75%
Portugal
45%
Sierra Leone
35%
Zimbabwe
25%
Belize
15%
Hungary
15%
Norway
15%
Mongolia
10%
Iran
0%
No matching quizzes found
Score Distribution
Percent of People with Each Score
Percentile by Number Answered
Your Score History
You have not taken this quiz